[Event "25. Open Internacional de Parla 2010"]
[Site "Parla ESP"]
[Date "2010.09.09"]
[Round "6.3"]
[White "Taboas Rodriguez, Daniel"]
[Black "Vazquez Igarza, Renier"]
[Result "1/2-1/2"]
[WhiteElo "2381"]
[BlackElo "2535"]
[PlyCount "150"]
[EventDate "2010.09.04"]
[EventType "swiss"]
[EventRounds "9"]
[EventCountry "ESP"]
[Source "lmi"]
[SourceDate "2010.09.04"]

1. d4 Nf6 2. c4 c5 3. d5 b5 4. Nf3 g6 5. cxb5 a6 6. bxa6 Bxa6 7. Nc3 d6 8. g3
Bg7 9. Bg2 Nbd7 10. O-O Nb6 11. Re1 O-O 12. Bf4 Nc4 13. Qc1 Qa5 14. Nd2 Nb6 15.
Nb3 Qb4 16. Bd2 Nc4 17. Rb1 Rfb8 18. Bg5 Ne8 19. Bd2 Bc8 20. Bf1 Nc7 21. e4 Ba6
22. Qc2 Ne5 23. Kg2 Bxf1+ 24. Rxf1 Qc4 25. Bg5 e6 26. Be7 Ra6 27. Nd2 Qd3 28.
Qxd3 Nxd3 29. Nc4 exd5 30. Bxd6 dxc4 31. Bxc7 Rxb2 32. Rxb2 Nxb2 33. e5 Ra3 34.
Rb1 Rxc3 35. Rxb2 h5 36. Rb5 Ra3 37. Rxc5 Rxa2 38. Rxc4 Re2 39. Kf3 Re1 40. Re4
Rc1 41. Bd6 Rc3+ 42. Re3 Rc4 43. Ra3 g5 44. Ra5 Bh6 45. Be7 g4+ 46. Kg2 Rc2 47.
Bc5 Re2 48. Bd4 Re4 49. e6 Rxe6 50. Rxh5 Rg6 51. Kf1 Rd6 52. Bc5 Re6 53. Bd4
Rd6 54. Be5 Re6 55. Kg2 Rg6 56. Bc3 Rc6 57. Bd4 Rd6 58. Be5 Re6 59. Kf1 Kf8 60.
Rf5 Ke8 61. Bf4 Bg7 62. Rg5 Rg6 63. Rxg6 fxg6 64. Ke2 Kf7 65. Ke3 Ke6 66. Ke4
Bf6 67. Bc7 Bg5 68. Bb6 Bh6 69. Be3 g5 70. Bb6 Bf8 71. Ba7 Be7 72. f3 gxf3 73.
g4 Bd8 74. Kxf3 Kd5 75. Be3 Be7 1/2-1/2

[Event "25. Open Internacional de Parla 2010"]
[Site "Parla ESP"]
[Date "2010.09.09"]
[Round "6.4"]
[White "Perez Gonzalez, Jose Manuel"]
[Black "Abreu Delgado, Aryam"]
[Result "0-1"]
[WhiteElo "2318"]
[BlackElo "2473"]
[PlyCount "98"]
[EventDate "2010.09.04"]
[EventType "swiss"]
[EventRounds "9"]
[EventCountry "ESP"]
[Source "lmi"]
[SourceDate "2010.09.04"]

1. e4 c5 2. Nf3 d6 3. d4 cxd4 4. Nxd4 Nf6 5. Nc3 a6 6. Bc4 e6 7. Bb3 b5 8. Bg5
Be7 9. Qf3 Qc7 10. e5 Bb7 11. exd6 Bxd6 12. Qe3 Bc5 13. O-O-O Nc6 14. Bxf6 gxf6
15. Nd5 Qd8 16. c3 Na5 17. Nf4 Nxb3+ 18. axb3 Qe7 19. Rhe1 O-O-O 20. b4 Bb6 21.
Nh5 Rd5 22. Nf4 Rdd8 23. Nd3 Qc7 24. Nc5 Bxc5 25. bxc5 Qxc5 26. f3 Qg5 27. g3
Qxe3+ 28. Rxe3 Rd5 29. Nb3 Rhd8 30. Rxd5 Rxd5 31. Nd2 Kc7 32. Ne4 Re5 33. Kd2
Bxe4 34. fxe4 f5 35. exf5 Rxf5 36. Ke2 Kd6 37. Rd3+ Rd5 38. Rf3 Ke7 39. Rf4 Rh5
40. h4 Re5+ 41. Kd2 h5 42. b4 Rf5 43. Rxf5 exf5 44. Ke3 Ke6 45. Kf4 Kf6 46. Ke3
Ke5 47. Kf3 f4 48. g4 hxg4+ 49. Kxg4 Ke4 0-1

[Event "25. Open Internacional de Parla 2010"]
[Site "Parla ESP"]
[Date "2010.09.09"]
[Round "6.5"]
[White "Roa Alonso, Santiago"]
[Black "Sanchez Gonzalez, Sergio"]
[Result "1/2-1/2"]
[WhiteElo "2454"]
[BlackElo "2288"]
[PlyCount "89"]
[EventDate "2010.09.04"]
[EventType "swiss"]
[EventRounds "9"]
[EventCountry "ESP"]
[Source "lmi"]
[SourceDate "2010.09.04"]

1. d4 Nf6 2. c4 e6 3. Nc3 Bb4 4. e3 O-O 5. Bd3 d5 6. Nge2 c5 7. a3 Bxc3+ 8.
Nxc3 dxc4 9. Bxc4 cxd4 10. exd4 Nc6 11. Be3 Nd5 12. O-O a6 13. Qf3 Nxc3 14.
bxc3 Qf6 15. Qg3 h6 16. Rab1 b5 17. Bd3 Ne7 18. a4 Nd5 19. Bd2 bxa4 20. c4 Ne7
21. Bb4 a5 22. Bd6 Re8 23. Be5 Qg5 24. Qh3 f5 25. f4 Qg4 26. Qe3 Nc6 27. Rf3
Qh5 28. Rg3 Nxe5 29. Qxe5 Ra7 30. c5 Qf7 31. c6 Rc7 32. Bb5 Rd8 33. Bxa4 Rd5
34. Qe3 Qf6 35. Rd1 Ba6 36. Rf3 Bb5 37. Bb3 Rd6 38. d5 a4 39. Qb6 Qd8 40. Qxb5
axb3 41. Rfd3 exd5 42. Rxd5 Rxd5 43. Rxd5 Qe8 44. h3 Qxc6 45. Qxb3 1/2-1/2

[Event "25. Open Internacional de Parla 2010"]
[Site "Parla ESP"]
[Date "2010.09.06"]
[Round "6.6"]
[White "Longa Yauca, Javier"]
[Black "Hernando Pertierra, Jose Carlos"]
[Result "1/2-1/2"]
[WhiteElo "2313"]
[BlackElo "2386"]
[PlyCount "123"]
[EventDate "2010.09.04"]
[EventType "swiss"]
[EventRounds "9"]
[EventCountry "ESP"]
[Source "lmi"]
[SourceDate "2010.09.04"]

1. e4 c6 2. d4 g6 3. Nc3 d5 4. Nf3 Bg7 5. e5 Bg4 6. Be2 e6 7. Bg5 Ne7 8. h4 h6
9. Bf4 Bxf3 10. Bxf3 c5 11. Be2 a6 12. dxc5 Nd7 13. Na4 Nxc5 14. Nxc5 Qa5+ 15.
Qd2 Qxc5 16. Be3 Qc7 17. f4 Nf5 18. Bf2 h5 19. O-O-O Bf8 20. g4 hxg4 21. Bxg4
Ng7 22. Kb1 b5 23. h5 gxh5 24. f5 hxg4 25. Rxh8 Nxf5 26. Qb4 Ne7 27. Qxg4 Rc8
28. Qe2 Ng6 29. Rg8 Qxe5 30. Qd2 Kd7 31. Bd4 Qf5 32. Qe2 Bh6 33. Rxc8 Kxc8 34.
a4 Qe4 35. Qf1 Qf4 36. Qd3 Qb8 37. Rf1 Bf4 38. Qc3+ Qc7 39. Qxc7+ Kxc7 40. Rxf4
Nxf4 41. Be5+ Kd7 42. Bxf4 bxa4 43. Kc1 f6 44. Kd2 e5 45. Bh6 Ke6 46. Ke3 f5
47. Kf3 d4 48. Bf8 Kd5 49. Bg7 e4+ 50. Kf4 Kc4 51. Bf6 d3 52. cxd3+ exd3 53.
Ke3 f4+ 54. Kd2 f3 55. Ke3 f2 56. Kxf2 Kb3 57. Ke1 Kc2 58. Bg5 a5 59. Bd2 Kxb2
60. Kd1 a3 61. Bxa5 a2 62. Kd2 1/2-1/2

[Event "25. Open Internacional de Parla 2010"]
[Site "Parla ESP"]
[Date "2010.09.09"]
[Round "6.7"]
[White "Cerrato Torrijos, Maria"]
[Black "Elissalt Cardenas, Hector"]
[Result "1/2-1/2"]
[WhiteElo "2055"]
[BlackElo "2357"]
[PlyCount "111"]
[EventDate "2010.09.04"]
[EventType "swiss"]
[EventRounds "9"]
[EventCountry "ESP"]
[Source "lmi"]
[SourceDate "2010.09.04"]

1. e4 d6 2. d4 Nf6 3. Nc3 Nbd7 4. Nf3 e5 5. Bc4 h6 6. O-O Be7 7. h3 c6 8. a4 a5
9. Re1 Qc7 10. Be3 Rg8 11. dxe5 dxe5 12. Nh4 Nc5 13. Qf3 Be6 14. Bxe6 Nxe6 15.
Rad1 Ng5 16. Bxg5 hxg5 17. Nf5 g6 18. Nxe7 Qxe7 19. Rd3 Rh8 20. Red1 Kf8 21.
Ne2 Kg7 22. Ng3 Rhd8 23. Qe3 Nh7 24. Qb6 Rxd3 25. Rxd3 Ra6 26. Qd8 Qxd8 27.
Rxd8 Rb6 28. b3 Rb4 29. f3 Nf8 30. Ne2 Ne6 31. Rd7 Kf8 32. Kf2 Ke8 33. Rd1 Ke7
34. Ke3 Rb6 35. Kd3 Ra6 36. c3 Ra8 37. Kc2 Nc5 38. Nc1 f6 39. Nd3 Ne6 40. Rb1
Kd6 41. Rd1 Kc7 42. Nf2 Rf8 43. Nd3 Rd8 44. Rg1 b6 45. Rb1 Nf4 46. Nxf4 gxf4
47. Rd1 Rxd1 48. Kxd1 g5 49. Kc2 Kd6 50. b4 c5 51. Kb3 Kc7 52. Kc4 Kc6 53. Kb3
Kc7 54. Kc4 Kc6 55. Kb3 Kc7 56. Kc4 1/2-1/2

[Event "25. Open Internacional de Parla 2010"]
[Site "Parla ESP"]
[Date "2010.09.09"]
[Round "6.8"]
[White "Gongora Reyes, Maikel"]
[Black "Nieto de la Cruz, Julio"]
[Result "1-0"]
[WhiteElo "2468"]
[BlackElo "2147"]
[PlyCount "85"]
[EventDate "2010.09.04"]
[EventType "swiss"]
[EventRounds "9"]
[EventCountry "ESP"]
[Source "lmi"]
[SourceDate "2010.09.04"]

1. d4 Nf6 2. c4 c5 3. d5 b5 4. cxb5 a6 5. Nc3 axb5 6. e4 b4 7. Nb5 d6 8. Bc4
Nbd7 9. Nf3 Ra5 10. O-O Ba6 11. Qe2 Qb8 12. a4 g6 13. b3 Bg7 14. Bb2 O-O 15. h3
Ne8 16. Bxg7 Kxg7 17. Qb2+ Kg8 18. Nd2 Nc7 19. Nxc7 Qxc7 20. Bxa6 Rxa6 21. Nc4
Nb6 22. Ne3 Rd8 23. Rac1 Raa8 24. f4 Qd7 25. Kh1 Ra7 26. Rfd1 Qb7 27. Ng4 f6
28. Ne3 Ra5 29. Rd2 Qb8 30. h4 Rf8 31. Qc2 Qc7 32. Qd3 Rd8 33. Rf2 Rf8 34. Rf3
Rf7 35. Rg3 Rg7 36. h5 Nd7 37. Qe2 Ra8 38. Qg4 Kf8 39. Nf5 Rg8 40. hxg6 hxg6
41. Qh3 Nb6 42. Qh7 c4 43. Nh6 1-0

[Event "25. Open Internacional de Parla 2010"]
[Site "Parla ESP"]
[Date "2010.09.09"]
[Round "6.9"]
[White "Prieto Martin, Alfonso"]
[Black "Barria Zuñiga, Daniel"]
[Result "0-1"]
[WhiteElo "2170"]
[BlackElo "2419"]
[PlyCount "54"]
[EventDate "2010.09.04"]
[EventType "swiss"]
[EventRounds "9"]
[EventCountry "ESP"]
[Source "lmi"]
[SourceDate "2010.09.04"]

1. e4 c5 2. c3 d5 3. exd5 Qxd5 4. d4 Nf6 5. Nf3 Bg4 6. Be2 e6 7. O-O Nc6 8. Be3
cxd4 9. cxd4 Bb4 10. Nc3 Qd6 11. h3 Bh5 12. Qb3 O-O 13. Rfd1 Rfd8 14. Rac1 a6
15. a3 Ba5 16. d5 exd5 17. g4 Bg6 18. g5 Bxc3 19. gxf6 Bxf6 20. Qxb7 Ne5 21.
Rc5 d4 22. Nxe5 Qxc5 23. Bxd4 Qc2 24. Qf3 Bxe5 25. Bxe5 Rxd1+ 26. Bxd1 Qe4 27.
Qc3 Re8 0-1

[Event "25. Open Internacional de Parla 2010"]
[Site "Parla ESP"]
[Date "2010.09.09"]
[Round "6.10"]
[White "Gonzalez Tedin, Antonio"]
[Black "Rubio Mejia, Luis Ignacio"]
[Result "0-1"]
[WhiteElo "2156"]
[BlackElo "2373"]
[PlyCount "66"]
[EventDate "2010.09.04"]
[EventType "swiss"]
[EventRounds "9"]
[EventCountry "ESP"]
[Source "lmi"]
[SourceDate "2010.09.04"]

1. c4 e5 2. g3 Nf6 3. Bg2 Nc6 4. Nc3 Bb4 5. Nd5 Bc5 6. e3 Nxd5 7. cxd5 Ne7 8.
Ne2 c6 9. Nc3 O-O 10. O-O h6 11. d4 exd4 12. exd4 Bb4 13. Qb3 a5 14. a3 Bxc3
15. bxc3 a4 16. Qa2 Nxd5 17. Bxd5 cxd5 18. Qxd5 Ra5 19. Qd6 Ra6 20. Qd5 d6 21.
Bf4 Qc7 22. Rac1 Be6 23. Qf3 Bc4 24. Rfe1 b5 25. Re3 g5 26. Bxg5 hxg5 27. Qf6
Qd8 28. Re7 d5 29. Qxg5+ Rg6 30. Qe3 Qd6 31. Re1 Qxa3 32. h4 Qd6 33. h5 Rg7 0-1

[Event "25. Open Internacional de Parla 2010"]
[Site "Parla ESP"]
[Date "2010.09.09"]
[Round "6.11"]
[White "Alcaraz Amoros, Antonio"]
[Black "Castaño Vanegas, Henry Augusto"]
[Result "0-1"]
[WhiteElo "2143"]
[BlackElo "2205"]
[PlyCount "136"]
[EventDate "2010.09.04"]
[EventType "swiss"]
[EventRounds "9"]
[EventCountry "ESP"]
[Source "lmi"]
[SourceDate "2010.09.04"]

1. c4 c5 2. Nc3 Nf6 3. e4 Nc6 4. g3 g6 5. Bg2 Bg7 6. Nge2 e5 7. d3 O-O 8. O-O
a6 9. Be3 d6 10. h3 Rb8 11. Qd2 b5 12. Rae1 bxc4 13. dxc4 Nd4 14. b3 Bxh3 15.
f4 Bxg2 16. Kxg2 Ng4 17. Bxd4 exd4 18. Nd5 Re8 19. Ng1 a5 20. Nf3 a4 21. b4
Ne3+ 22. Nxe3 dxe3 23. Rxe3 Rxb4 24. Qd5 Qf6 25. Rd3 Rb2+ 26. Rf2 Rxf2+ 27.
Kxf2 Qe7 28. Nd2 Bd4+ 29. Kf3 h5 30. Kg2 Qe6 31. Qxe6 Rxe6 32. Ra3 f5 33. Kf3
Re7 34. exf5 gxf5 35. Nf1 Re1 36. Nd2 Kf7 37. Rd3 Ke6 38. Kg2 Rd1 39. Kf3 Re1
40. Kg2 Rd1 41. Kf3 d5 42. Ke2 Rg1 43. Ra3 Rg2+ 44. Kd1 dxc4 45. Nxc4 Kd5 46.
Nd2 Kc6 47. Rxa4 Rxg3 48. Ra6+ Kb5 49. Rh6 Rh3 50. Rd6 Rh4 51. Rh6 Rxf4 52.
Rxh5 Bc3 53. Kc2 Bb4 54. Rh2 c4 55. Nb1 Rf3 56. Nd2 Rc3+ 57. Kb2 Rd3 58. Nb1
Bd6 59. Rf2 Be5+ 60. Kc2 f4 61. Nd2 Re3 62. Nf3 Bg7 63. Nd2 c3 64. Nb3 f3 65.
Kd1 Rd3+ 66. Kc2 Re3 67. Kd1 Be5 68. Kc1 Re1+ 0-1

[Event "25. Open Internacional de Parla 2010"]
[Site "Parla ESP"]
[Date "2010.09.09"]
[Round "6.12"]
[White "Ballesteros Gonzalez, David"]
[Black "Vargas Huamani, Juan Carlos"]
[Result "1-0"]
[WhiteElo "2196"]
[BlackElo "2013"]
[PlyCount "107"]
[EventDate "2010.09.04"]
[EventType "swiss"]
[EventRounds "9"]
[EventCountry "ESP"]
[Source "lmi"]
[SourceDate "2010.09.04"]

1. d4 Nf6 2. c4 c5 3. d5 e6 4. Nc3 exd5 5. cxd5 d6 6. e4 g6 7. Nf3 Bg7 8. h3
O-O 9. Bd3 b5 10. O-O a6 11. Bf4 Re8 12. Re1 Nh5 13. Bg5 Qc7 14. Rc1 h6 15. Bd2
Nd7 16. g4 Nhf6 17. Bf4 g5 18. Bg3 Nh7 19. Qc2 c4 20. Bf1 Nhf8 21. Ne2 Qb6 22.
b3 cxb3 23. axb3 Ng6 24. Nd2 Nge5 25. Bxe5 Bxe5 26. Nf3 Bb7 27. Qc7 Qxc7 28.
Rxc7 Bc8 29. Nxe5 Nxe5 30. Nd4 Bd7 31. Rec1 Rec8 32. Kg2 Rxc7 33. Rxc7 Rb8 34.
b4 Kg7 35. Kg3 Rc8 36. Ra7 Rc1 37. Bg2 Rc4 38. Nf3 Nxf3 39. Rxd7 Ne5 40. Rxd6
Rxb4 41. Rxa6 Rd4 42. Rb6 b4 43. f3 Nd7 44. Rb5 Ne5 45. Bf1 f6 46. Rb7+ Kg8 47.
f4 gxf4+ 48. Kxf4 Rd1 49. Ba6 Rh1 50. Kf5 Rxh3 51. Kxf6 Nxg4+ 52. Ke6 Re3 53.
Rxb4 Nf2 54. e5 1-0

[Event "25. Open Internacional de Parla 2010"]
[Site "Parla ESP"]
[Date "2010.09.09"]
[Round "6.13"]
[White "Ramos Aldoradin, John Paul"]
[Black "Garcia Salamero, Gabriel"]
[Result "1/2-1/2"]
[WhiteElo "2126"]
[BlackElo "2180"]
[PlyCount "56"]
[EventDate "2010.09.04"]
[EventType "swiss"]
[EventRounds "9"]
[EventCountry "ESP"]
[Source "lmi"]
[SourceDate "2010.09.04"]

1. e4 c5 2. Nf3 e6 3. c3 d5 4. exd5 Qxd5 5. d4 cxd4 6. cxd4 Nc6 7. Be2 Nf6 8.
O-O Be7 9. Nc3 Qd8 10. Qb3 O-O 11. Rd1 Nd5 12. Nxd5 exd5 13. Ne5 f6 14. Nxc6
bxc6 15. Bf4 Bd6 16. Qg3 Bxf4 17. Qxf4 Bd7 18. Qd2 Rb8 19. Re1 Qb6 20. b3 Qb4
21. Red1 Rfe8 22. f3 g6 23. Qxb4 Rxb4 24. Rd2 Kf8 25. Kf2 Ke7 26. Bd1 Kd6 27.
a3 Rb7 28. Rc1 Reb8 1/2-1/2

[Event "25. Open Internacional de Parla 2010"]
[Site "Parla ESP"]
[Date "2010.09.09"]
[Round "6.14"]
[White "Moreno Ibañez, Miguel"]
[Black "Fernandez Lledo, Javier"]
[Result "1/2-1/2"]
[WhiteElo "1957"]
[BlackElo "2136"]
[PlyCount "53"]
[EventDate "2010.09.04"]
[EventType "swiss"]
[EventRounds "9"]
[EventCountry "ESP"]
[Source "lmi"]
[SourceDate "2010.09.04"]

1. e4 c5 2. Nf3 d6 3. d4 cxd4 4. Nxd4 Nf6 5. Nc3 Nc6 6. Bg5 e6 7. Qd2 a6 8.
O-O-O Bd7 9. f3 b5 10. Nxc6 Bxc6 11. Ne2 Qb6 12. Be3 Qc7 13. Nd4 Bb7 14. g4 Nd7
15. Rg1 Rc8 16. g5 Ne5 17. Kb1 d5 18. Bf4 Bd6 19. Bxb5+ axb5 20. Nxb5 Qb6 21.
Nxd6+ Qxd6 22. exd5 Bxd5 23. Bxe5 Qxe5 24. Rge1 Bxa2+ 25. Kxa2 Qb5 26. b3 O-O
27. Kb2 1/2-1/2

[Event "25. Open Internacional de Parla 2010"]
[Site "Parla ESP"]
[Date "2010.09.09"]
[Round "6.15"]
[White "Rodriguez Lopez, Rafael"]
[Black "Martin Duque, Jesus"]
[Result "1-0"]
[WhiteElo "2314"]
[BlackElo "2073"]
[PlyCount "73"]
[EventDate "2010.09.04"]
[EventType "swiss"]
[EventRounds "9"]
[EventCountry "ESP"]
[Source "lmi"]
[SourceDate "2010.09.04"]

1. e4 c5 2. Nf3 a6 3. Nc3 e6 4. d4 cxd4 5. Nxd4 Qc7 6. Bd3 Nf6 7. f4 d6 8. Be3
b5 9. Qf3 Bb7 10. g4 Nc6 11. g5 Nd7 12. O-O-O Be7 13. Kb1 Nc5 14. Nxc6 Qxc6 15.
a3 f5 16. gxf6 Bxf6 17. Bd2 O-O-O 18. Rhe1 Kb8 19. f5 Rhf8 20. fxe6 Nxe6 21.
Qh3 Nd4 22. Nd5 Bc8 23. Qg2 Bh4 24. Rf1 g6 25. Bh6 Rxf1 26. Rxf1 Be6 27. Be3
Nf5 28. Nb4 Qb7 29. Nxa6+ Kc8 30. Qh3 Nxe3 31. Qxe6+ Qd7 32. Qxd7+ Rxd7 33.
Rf8+ Bd8 34. Bxb5 Rb7 35. a4 Ng4 36. Nb4 Ne5 37. Ba6 1-0

[Event "25. Open Internacional de Parla 2010"]
[Site "Parla ESP"]
[Date "2010.09.09"]
[Round "6.16"]
[White "Gomez Gonzalez, Javier"]
[Black "Ortega Ruiz, Jose Miguel"]
[Result "0-1"]
[WhiteElo "2016"]
[BlackElo "2278"]
[PlyCount "68"]
[EventDate "2010.09.04"]
[EventType "swiss"]
[EventRounds "9"]
[EventCountry "ESP"]
[Source "lmi"]
[SourceDate "2010.09.04"]

1. e4 c5 2. Nf3 d6 3. d4 cxd4 4. Nxd4 Nf6 5. Nc3 a6 6. Be2 b5 7. f4 e5 8. Nf3
Bb7 9. fxe5 Nxe4 10. Nxe4 Bxe4 11. O-O d5 12. e6 Bc5+ 13. Kh1 f6 14. a4 b4 15.
Nd4 O-O 16. Bf3 Re8 17. Nb3 Bf8 18. c4 bxc3 19. bxc3 Nc6 20. Be3 Rxe6 21. Nc5
Bxc5 22. Bxc5 Ne5 23. Qd4 Rc8 24. Rad1 Bxf3 25. gxf3 Rec6 26. f4 Ng4 27. h3 Nh6
28. Bb4 a5 29. Qxd5+ Qxd5+ 30. Rxd5 axb4 31. cxb4 Rc2 32. Rb1 R8c3 33. b5 Rxh3+
34. Kg1 Ng4 0-1

[Event "25. Open Internacional de Parla 2010"]
[Site "Parla ESP"]
[Date "2010.09.09"]
[Round "6.17"]
[White "Madina Yadarola, Martin"]
[Black "Quintero Torres, Pedro"]
[Result "1-0"]
[WhiteElo "2254"]
[BlackElo "2006"]
[PlyCount "83"]
[EventDate "2010.09.04"]
[EventType "swiss"]
[EventRounds "9"]
[EventCountry "ESP"]
[Source "lmi"]
[SourceDate "2010.09.04"]

1. Nf3 c5 2. c4 Nf6 3. Nc3 Nc6 4. g3 g6 5. d4 cxd4 6. Nxd4 Bg7 7. Nc2 O-O 8.
Bg2 d6 9. O-O Be6 10. Nd5 Qd7 11. Re1 Bh3 12. e4 Bxg2 13. Kxg2 Ne5 14. b3 e6
15. Nc3 Rfd8 16. Bb2 Nc6 17. f4 e5 18. Nd5 h5 19. h3 Re8 20. f5 Ne7 21. Nxe7+
Rxe7 22. g4 hxg4 23. hxg4 Qc6 24. g5 Nh5 25. f6 Bxf6 26. gxf6 Nxf6 27. Nb4 Qd7
28. Qf3 Kg7 29. Rf1 Re6 30. Bc1 a5 31. Nd5 Nh5 32. Bg5 Rh8 33. Nf6 Nxf6 34.
Bxf6+ Rxf6 35. Qxf6+ Kg8 36. Qf3 Qe7 37. Rf2 Qg5+ 38. Kf1 Rh7 39. Rd1 f5 40.
exf5 gxf5 41. Rg2 Rh1+ 42. Ke2 1-0

[Event "25. Open Internacional de Parla 2010"]
[Site "Parla ESP"]
[Date "2010.09.09"]
[Round "6.18"]
[White "Ramirez Garcia, Jorge Alberto"]
[Black "Sanchez Garcia, Manuel"]
[Result "1-0"]
[WhiteElo "2246"]
[BlackElo "2002"]
[PlyCount "57"]
[EventDate "2010.09.04"]
[EventType "swiss"]
[EventRounds "9"]
[EventCountry "ESP"]
[Source "lmi"]
[SourceDate "2010.09.04"]

1. e4 c5 2. Nf3 d6 3. d4 Nf6 4. Nc3 cxd4 5. Nxd4 e6 6. f4 a6 7. Qf3 Qc7 8. g4
Nc6 9. Nb3 b5 10. g5 Nd7 11. Bd3 b4 12. Ne2 a5 13. Be3 a4 14. Nbd4 Nxd4 15.
Nxd4 Bb7 16. O-O Be7 17. Qh3 Nc5 18. g6 Bf6 19. gxf7+ Qxf7 20. Bb5+ Kd8 21. e5
Qg6+ 22. Kf2 dxe5 23. Nxe6+ Nxe6 24. Rad1+ Kc7 25. Rd7+ Kb8 26. f5 Ng5 27.
Rxb7+ Kxb7 28. Qg2+ Kb8 29. fxg6 1-0

[Event "25. Open Internacional de Parla 2010"]
[Site "Parla ESP"]
[Date "2010.09.09"]
[Round "6.19"]
[White "Bote Alvarez-Carrasco, Valentin"]
[Black "Rodriguez Dorado, Victor Manuel"]
[Result "1-0"]
[WhiteElo "2190"]
[BlackElo "1923"]
[PlyCount "113"]
[EventDate "2010.09.04"]
[EventType "swiss"]
[EventRounds "9"]
[EventCountry "ESP"]
[Source "lmi"]
[SourceDate "2010.09.04"]

1. Nf3 Nf6 2. c4 g6 3. Nc3 Bg7 4. e4 d6 5. d4 O-O 6. Be2 e5 7. d5 Nh5 8. g3 f5
9. exf5 Bxf5 10. Nh4 Nf6 11. Nxf5 gxf5 12. f3 Qe8 13. Qc2 e4 14. f4 Na6 15. a3
c6 16. dxc6 bxc6 17. Be3 Nc7 18. Rd1 Qe6 19. O-O h5 20. h3 h4 21. g4 fxg4 22.
f5 Qe5 23. Bf4 Qxf5 24. Bxd6 Qg6 25. Kh1 g3 26. Kg1 Rf7 27. Bf3 Ne6 28. Nxe4
Ng5 29. Nxf6+ Rxf6 30. Qxg6 Nxf3+ 31. Rxf3 Rxg6 32. Be7 Rh6 33. b4 Rh5 34. Rf4
a5 35. Bxh4 axb4 36. axb4 Rb8 37. Rg4 Kh8 38. Bxg3 Rg8 39. Kh2 Bc3 40. Rxg8+
Kxg8 41. Rb1 c5 42. b5 Bb4 43. Be1 Bxe1 44. Rxe1 Kf7 45. Rb1 Rh8 46. b6 Ke6 47.
Rb5 Kd6 48. b7 Rb8 49. h4 Kc6 50. h5 Rxb7 51. Rxb7 Kxb7 52. h6 Kb6 53. h7 Ka5
54. h8=Q Kb4 55. Qg8 Kc3 56. Qd5 Kb4 57. Kg3 1-0

[Event "25. Open Internacional de Parla 2010"]
[Site "Parla ESP"]
[Date "2010.09.09"]
[Round "6.20"]
[White "Suarez Uriel, Adrian"]
[Black "Tarin Casado, Francisco"]
[Result "1-0"]
[WhiteElo "2180"]
[BlackElo "1915"]
[PlyCount "83"]
[EventDate "2010.09.04"]
[EventType "swiss"]
[EventRounds "9"]
[EventCountry "ESP"]
[Source "lmi"]
[SourceDate "2010.09.04"]

1. e4 c6 2. d4 d5 3. f3 Qb6 4. Nc3 e6 5. Nge2 g6 6. Qd3 Bg7 7. b3 Ne7 8. e5 Nd7
9. f4 h5 10. Na4 Qd8 11. c4 dxc4 12. bxc4 b6 13. g3 Nc5 14. Nxc5 bxc5 15. Bg2
Ba6 16. Qc3 cxd4 17. Nxd4 Rc8 18. Ba3 O-O 19. Rd1 Qc7 20. Bd6 Qb7 21. Kf2 Nf5
22. Nxf5 exf5 23. Bxf8 Bxf8 24. Bf3 h4 25. Kg2 g5 26. fxg5 h3+ 27. Kxh3 Qe7 28.
Kg2 Qxg5 29. Rd7 Rb8 30. Qd2 Qxd2+ 31. Rxd2 Bxc4 32. Bxc6 Rb6 33. Bf3 Re6 34.
Rc1 Bb5 35. Rd8 Re8 36. Rxe8 Bxe8 37. Rc8 Bb5 38. Rc7 Bg7 39. Rxa7 Bxe5 40. Bd5
Bd4 41. Rxf7 Bc6 42. Rxf5+ 1-0

[Event "25. Open Internacional de Parla 2010"]
[Site "Parla ESP"]
[Date "2010.09.09"]
[Round "6.21"]
[White "Montañes Arribas, Adrian"]
[Black "Morona Minguez, Irene"]
[Result "1-0"]
[WhiteElo "2114"]
[BlackElo "1815"]
[PlyCount "117"]
[EventDate "2010.09.04"]
[EventType "swiss"]
[EventRounds "9"]
[EventCountry "ESP"]
[Source "lmi"]
[SourceDate "2010.09.04"]

1. e4 c5 2. Nf3 e6 3. d4 cxd4 4. Nxd4 Nc6 5. Nc3 a6 6. Be3 Qc7 7. Qd2 Nf6 8.
O-O-O Bb4 9. f3 Ne5 10. Nb3 b5 11. Qe1 Bxc3 12. bxc3 Nc4 13. Bc5 Qc6 14. Qg3
Na5 15. Bd4 Nxb3+ 16. axb3 Kf8 17. Qg5 h6 18. Bc5+ Kg8 19. Qe3 Bb7 20. e5 Nd5
21. Qd4 Rc8 22. b4 a5 23. Bd3 Nxc3 24. Qxc3 axb4 25. Bxb4 Qxc3 26. Bxc3 Rxc3
27. Bxb5 Bc6 28. Bxc6 dxc6 29. Rd7 Re3 30. f4 g5 31. Rf1 Rh7 32. f5 Rxe5 33.
Rd8+ Kg7 34. f6+ Kg6 35. Rg8+ Kh5 36. Rg7 Rh8 37. Rxf7 Rf5 38. Rxf5 exf5 39.
Rc7 Kg6 40. Rxc6 h5 41. c4 Rf8 42. Kd2 Rxf6 43. Rxf6+ Kxf6 44. h4 gxh4 45. Kd3
Ke5 46. Ke3 f4+ 47. Kf3 Kd4 48. Kxf4 Kxc4 49. Kg5 Kd3 50. Kxh4 Ke4 51. Kxh5 Kf5
52. Kh4 Kf6 53. Kg4 Kg6 54. g3 Kh6 55. Kf5 Kh5 56. g4+ Kh6 57. Kf6 Kh7 58. g5
Kg8 59. Kg6 1-0

[Event "25. Open Internacional de Parla 2010"]
[Site "Parla ESP"]
[Date "2010.09.09"]
[Round "6.22"]
[White "Piña Sierra, Jesus"]
[Black "Arauz Alonso, Fernando"]
[Result "1/2-1/2"]
[WhiteElo "2013"]
[BlackElo "2098"]
[PlyCount "140"]
[EventDate "2010.09.04"]
[EventType "swiss"]
[EventRounds "9"]
[EventCountry "ESP"]
[Source "lmi"]
[SourceDate "2010.09.04"]

1. f4 d5 2. e3 Nf6 3. Nf3 g6 4. b3 Bg7 5. Bb2 O-O 6. Ne5 c5 7. d4 cxd4 8. exd4
Qb6 9. Bd3 Nc6 10. Nxc6 Qxc6 11. O-O Bg4 12. Qe1 e6 13. Nd2 Bf5 14. Nf3 Bxd3
15. cxd3 Rac8 16. Ne5 Qb6 17. Qe2 Rc7 18. Rac1 Rfc8 19. Qd2 Ne8 20. Rxc7 Rxc7
21. Rc1 Rxc1+ 22. Qxc1 Qc7 23. Kf2 h5 24. Qxc7 Nxc7 25. h3 Kf8 26. a4 Bxe5 27.
dxe5 Ke7 28. Ba3+ Kd7 29. d4 b5 30. a5 b4 31. Bxb4 Kc6 32. Bc5 Kb7 33. Ke3 Ka6
34. b4 Kb5 35. Bxa7 Kxb4 36. Bb6 Na6 37. Kf3 Kb5 38. g4 h4 39. g5 Nb4 40. Kg4
Nd3 41. Kxh4 Nxf4 42. Kg4 Nh5 43. h4 Ng7 44. Bd8 Ka6 45. Bc7 Kb7 46. Bd8 Ka7
47. Bb6+ Ka6 48. Bd8 Kb5 49. Bc7 Nf5 50. Bb6 Ne3+ 51. Kf3 Nc2 52. Ke2 Nb4 53.
Kd2 Nc6 54. Kc3 Nxa5 55. Bc5 Nc6 56. Kb3 Nb8 57. Ba3 Na6 58. Bd6 Ka5 59. Ka3
Kb5 60. Kb3 Ka5 61. Ka3 Kb6 62. Ka4 Nc7 63. Bxc7+ Kxc7 64. Ka5 Kc6 65. Ka6 Kc7
66. Ka7 Kc6 67. Ka6 Kc7 68. Ka7 Kc6 69. Ka6 Kc7 70. Ka7 Kc6 1/2-1/2

[Event "25. Open Internacional de Parla 2010"]
[Site "Parla ESP"]
[Date "2010.09.09"]
[Round "6.23"]
[White "Villar Perez, Samuel"]
[Black "Prieto Velasco, Rafael"]
[Result "1-0"]
[WhiteElo "2087"]
[BlackElo "1758"]
[PlyCount "61"]
[EventDate "2010.09.04"]
[EventType "swiss"]
[EventRounds "9"]
[EventCountry "ESP"]
[Source "lmi"]
[SourceDate "2010.09.04"]

1. d4 f5 2. Nc3 Nf6 3. Bg5 d5 4. Bxf6 exf6 5. e3 Be6 6. g3 Nc6 7. Bg2 Qd7 8.
Nge2 Ne7 9. Nf4 Bf7 10. h4 h5 11. Nd3 b6 12. Qe2 Nc8 13. O-O-O c6 14. e4 fxe4
15. f3 e3 16. Qxe3+ Be7 17. Bh3 Qd6 18. Rde1 f5 19. Bxf5 Qf6 20. Bh3 Nd6 21.
Ne5 Nc4 22. Nxc4 dxc4 23. Ne4 Qh6 24. Ng5 Qf6 25. Rh2 Rb8 26. g4 b5 27. Rhe2
Rb7 28. Ne4 Qxh4 29. Nd6+ Kd7 30. g5+ Kxd6 31. Qe5# 1-0